In-line/On-line Fundamentals of the Internet and the World Wide Web. (Record no. 132)
[ view plain ]
| 005 - DATE AND TIME OF LATEST TRANSACTION | |
|---|---|
| control field | 20250616163506.0 |
| 020 ## - INTERNATIONAL STANDARD BOOK NUMBER | |
| International Standard Book Number | 0-07-290685-5 |
| 082 ## - DEWEY DECIMAL CLASSIFICATION NUMBER | |
| Classification number | 004.678 GRE |
| 100 ## - MAIN ENTRY--PERSONAL NAME | |
| Author name | GREENLAW, R. |
| 245 ## - TITLE STATEMENT | |
| Title | In-line/On-line Fundamentals of the Internet and the World Wide Web. |
| 260 ## - PUBLICATION, DISTRIBUTION, ETC. | |
| Place of publication, distribution, etc. | New York, |
| Name of publisher, distributor, etc. | McGraw-Hill, |
| Date of publication, distribution, etc. | 1999. |
| 300 ## - PHYSICAL DESCRIPTION | |
| Extent | xviii, 547p.: ill.; tables |
| Other physical details | Bibliography, Index & References |
| Dimensions | 23cm. |
| 700 ## - ADDED ENTRY--PERSONAL NAME | |
| Other authors/Editors | HEPP, E. |
| 942 ## - ADDED ENTRY ELEMENTS (KOHA) | |
| Source of classification or shelving scheme | Dewey Decimal Classification |
| Koha item type | Books |
| Date last seen | Total checkouts | Full call number | Barcode | Cost, replacement price | Price effective from | Koha item type | Lost status | Source of classification or shelving scheme | Damaged status | Not for loan | Withdrawn status | Home library | Current library | Shelving location | Date acquired | Cost, normal purchase price |
|---|---|---|---|---|---|---|---|---|---|---|---|---|---|---|---|---|
| 03/06/2025 | 004.678 GRE | 000000294 | 54000.00 | 03/06/2025 | Books | Dewey Decimal Classification | College of Business Education Main Library | College of Business Education Main Library | General Collection | 03/06/2025 | 18000.00 | |||||
| 03/06/2025 | 004.678 GRE | 000000295 | 54000.00 | 03/06/2025 | Books | Dewey Decimal Classification | College of Business Education Main Library | College of Business Education Main Library | General Collection | 03/06/2025 | 18000.00 | |||||
| 03/06/2025 | 004.678 GRE | 000000296 | 54000.00 | 03/06/2025 | Books | Dewey Decimal Classification | College of Business Education Main Library | College of Business Education Main Library | General Collection | 03/06/2025 | 18000.00 | |||||
| 03/06/2025 | 004.678 GRE | 000000297 | 54000.00 | 03/06/2025 | Books | Dewey Decimal Classification | College of Business Education Main Library | College of Business Education Main Library | General Collection | 03/06/2025 | 18000.00 |
